Ensayos hechos en Burdeos de la planta huaco, para la curación del cólera-morbo / (Registro nro. 183805)

Detalles MARC
000 -LEADER
campo de control de longitud fija 00603nam a2200169 i 4500
001 - NÚMERO DE CONTROL
campo de control 183805
003 - IDENTIFICADOR DE NÚMERO DE CONTROL
campo de control ES-MaACL
005 - FECHA Y HORA DE LA ÚLTIMA TRANSACCIÓN
campo de control 20230906221956.0
008 - DATOS DE LONGITUD FIJA--INFORMACIÓN GENERAL
campo de control de longitud fija 141017s1833 fr |||| | spa d
100 1# - ENTRADA PRINCIPAL--NOMBRE DE PERSONA
Nombre de persona Pereyra, Emilio .
9 (RLIN) 155733
245 10 - MENCIÓN DEL TÍTULO
Título Ensayos hechos en Burdeos de la planta huaco, para la curación del cólera-morbo /
Mención de responsabilidad, etc. por Emilio Pereyra ; puesto en español, por J. R. Pacheco.
260 ## - PUBLICACIÓN, DISTRIBUCIÓN, ETC.
Lugar de publicación, distribución, etc. Paris :
Nombre del editor, distribuidor, etc. Barachart,
Fecha de publicación, distribución, etc. 1833.
300 ## - DESCRIPCIÓN FÍSICA
Extensión 51 p., [1] pleg. ;
Dimensiones 22 cm.
650 #4 - PUNTO DE ACCESO ADICIONAL DE MATERIA--TÉRMINO DE MATERIA
Término de materia o nombre geográfico como elemento de entrada Cólera-
Subdivisión general Tratamiento.
9 (RLIN) 157013
700 1# - ENTRADA AGREGADA--NOMBRE PERSONAL
Nombre de persona Pacheco, José Ramón.
9 (RLIN) 130763
852 ## - LOCALIZACIÓN
Ubicación ES-MaACL
Número de control de estantería T-493-F-5
Existencias
Estatus retirado Estado de pérdida Estado de daño No para préstamo Colección Biblioteca de origen Biblioteca actual Ubicación en estantería Fecha de adquisición Fuente de adquisición Total de préstamos Signatura topográfica completa Código de barras Visto por última vez Precio de reemplazo Tipo de ítem Koha
        Colección de folletos Biblioteca del Ateneo de Madrid Biblioteca del Ateneo de Madrid Depósito folletos 17/10/2014     T-493-F-5 1193252 23/02/2023 23/02/2023 Folleto